日本の駅名 画数多い順 トップ100 - Statistics

General Stats
  • This quiz has been taken 338 times
  • The average score is 11 of 106
Answer Stats
順位 都道府県 画数 駅名 % Correct
3 茨城 100 長者ヶ浜潮騒はまなす公園前
59%
5 熊本 88 南阿蘇水の生まれる里白水高原
52%
2 京都 110 等持院・立命館大学衣笠キャンパス前
42%
40 富山 61 黒部宇奈月温泉
42%
17 東京 69 羽田空港第1・第2ターミナル
31%
1 富山 124 トヨタモビリティ富山Gスクエア五福前(富山トヨペット本社前)
29%
76 東京 56 羽田空港第3ターミナル
24%
40 北海道 61 北海道医療大学
23%
29 福島 64 会津高原尾瀬口
20%
36 東京 62 国会議事堂前
20%
62 愛知 57 中部国際空港
20%
76 東京 56 羽田空港第2ターミナル
19%
34 愛知 63 中京競馬場前
18%
91 島根 55 松江イングリッシュガーデン前
18%
7 愛知 78 愛・地球博記念公園
17%
40 奈良 61 学研奈良登美ヶ丘
17%
55 兵庫 59 雲雀丘花屋敷
17%
9 愛知 77 蒲郡競艇場前
16%
29 東京 64 府中競馬正門前
16%
36 東京 62 葛西臨海公園
15%
40 栃木 61 上三依塩原温泉口
15%
62 東京 57 多摩動物公園
15%
91 奈良 55 橿原神宮前
15%
14 福島 71 やながわ希望の森公園前
14%
12 富山 73 電鉄富山駅・エスタ前
13%
14 愛知 71 瑞穂運動場東
13%
4 富山 94 龍谷富山高校前(永楽町)
12%
17 愛知 69 瑞穂運動場西
12%
7 福島 78 美術館図書館前
11%
26 新潟 66 上越国際スキー場前
11%
36 東京 62 東京国際クルーズターミナル
11%
36 愛知 62 熱田神宮伝馬町
11%
40 兵庫 61 鳴尾・武庫川女子大前
11%
58 東京 58 大井競馬場前
11%
76 岐阜 56 各務原市役所前
11%
91 京都 55 龍谷大前深草
11%
12 愛知 73 陶磁資料館南
10%
17 千葉 69 船橋競馬場
10%
17 富山 69 国際会議場前
10%
29 兵庫 64 須磨海浜公園
10%
62 千葉 57 東京ディズニーランド・ステーション
10%
76 東京 56 お台場海浜公園
10%
40 熊本 61 南阿蘇白川水源
9%
49 愛知 60 大森・金城学院前
9%
49 鹿児島 60 鹿児島中央駅前
9%
62 東京 57 見沼代親水公園
9%
62 富山 57 オークスカナルパークホテル富山前
9%
76 大阪 56 大阪阿部野橋
9%
76 東京 56 羽田空港第1ターミナル
9%
91 奈良 55 橿原神宮西口
9%
91 千葉 55 東京ディズニーシー・ステーション
9%
10 熊本 76 阿蘇下田城ふれあい温泉
8%
11 島根 75 出雲科学館パークタウン前
8%
40 埼玉 61 鉄道博物館
8%
17 静岡 69 川根温泉笹間渡
7%
34 富山 63 急患医療センター前
7%
49 兵庫 60 総合運動公園
7%
49 鹿児島 60 南鹿児島駅前
7%
58 熊本 58 熊本城・市役所前
7%
58 熊本 58 再春医療センター前
7%
62 愛知 57 尾張横須賀
7%
62 神奈川 57 鎌倉高校前
7%
91 神奈川 55 湘南海岸公園
7%
91 熊本 55 新水前寺駅前
7%
24 島根 67 湖遊館新駅
6%
27 北海道 65 西線9条旭山公園通
6%
29 静岡 64 県総合運動場
6%
55 静岡 59 県立美術館前
6%
62 京都 57 福知山市民病院口
6%
5 富山 88 蓮町(馬場記念公園前)
5%
24 福岡 67 九州鉄道記念館
5%
27 熊本 65 相良藩願成寺
5%
62 長崎 57 松浦発電所前
5%
62 山形 57 茂吉記念館前
5%
76 広島 56 修大協創中高前
5%
91 兵庫 55 須磨浦公園
5%
14 愛知 71 名古屋競馬場前
4%
22 長崎 68 原爆資料館
4%
22 長崎 68 霊丘公園体育館
4%
40 富山 61 志貴野中学校前
4%
49 神奈川 60 産業振興センター
4%
62 滋賀 57 紫香楽宮跡
4%
62 三重 57 鈴鹿サーキット稲生
4%
76 富山 | 愛知 56 競輪場前
4%
76 福岡 56 城戸南蔵院前
4%
91 京都 55 京都精華大前
4%
91 福岡 55 西鉄福岡(天神)
4%
91 広島 55 広大附属学校前
4%
29 北海道 64 資生館小学校前
3%
40 群馬 61 高崎商科大学前
3%
58 北海道 58 電車事業所前
3%
62 福井 57 商工会議所前
3%
76 鹿児島 56 桜島桟橋通
3%
76 広島 56 家庭裁判所前
3%
91 鹿児島 55 薩摩板敷
3%
49 高知 60 県立美術館通
2%
62 福岡 57 希望が丘高校前
2%
76 青森 56 義塾高校前
2%
76 高知 56 あき総合病院前
2%
91 愛媛 55 警察署前
2%
91 福島 55 養鱒公園
2%
91 福井 55 鷲塚針原
2%
91 愛知 55 豊橋公園前
2%
55 高知 59 葛島橋東詰
1%
76 広島 56 祇園新橋北
1%
No matching quizzes found
Score Distribution
Percent of People with Each Score
Percentile by Number Answered
Your Score History
You have not taken this quiz